• 首页
  • 本馆介绍
  • 公告通知
  • 最新文献
  • 馆藏检索
  • 电子资源
  • 读者导购
  • 参考咨询
  • 我的图书馆
  • 登录
  • 详细信息显示
  • 放入我的书架
  • 预约/预借图书
  • 作者相关作品
  • 分类相关作品
  • 丛书相关作品
  • 出版社相关作品

书目信息

  • 表格格式
  • 工作单格式
  • 卡片格式
题名:
资政秘典
    
 
作者: 刘凯 主编
分册: 第二册  
出版信息: 北京   线装书局  2014
页数: 442页
开本: 26cm
丛书名: 国学经典文库
单 册:
中图分类: Z422
科图分类:
主题词: 古籍--中国--汇编
电子资源:
ISBN: 978-7-5120-1179-3
000 00961nam 2200253 450
001 2361830667
005 20231213211930.00
010    @a978-7-5120-1179-3@b精装@dCNY149.50, CNY598.00 (全4册)
100    @a20171228d2014 em y0chiy50 ea
101 0  @achi
102    @aCN@b110000
105    @aac z 000yy
200 1  @a资政秘典@Azi zheng mi dian@e图文珍藏版@h第二册@f刘凯主编
210    @a北京@c线装书局@d2014
215    @a442页@c图 (部分彩图), 肖像@d26cm
225 2  @a国学经典文库@Aguo xue jing dian wen ku
307    @a第一册, 431页, [6] 页图版; 第二册, 442页; 第三册, 436页; 第四册, 443页
330    @a本书收录了《贞观政要》、《国语》、《战国策》、《商君书》、《晏子春秋》、《人物志》、《反经》、《帝鉴图说》、《治政纲鉴》、《唐鉴》和《正经》等治政、为官的经典典籍。
410  0 @12001 @a国学经典文库
606 0  @a古籍@y中国@j汇编
690    @aZ422@v5
701  0 @a刘凯@Aliu kai@4主编
801  0 @aCN@b湖北三新@c20171228
905    @aZUCC@dZ422@e1:2
    
    资政秘典:图文珍藏版.第二册/刘凯主编.-北京:线装书局,2014
    442页:图 (部分彩图), 肖像;26cm.-(国学经典文库)
    
    
    ISBN 978-7-5120-1179-3(精装):CNY149.50, CNY598.00 (全4册)
    本书收录了《贞观政要》、《国语》、《战国策》、《商君书》、《晏子春秋》、《人物志》、《反经》、《帝鉴图说》、《治政纲鉴》、《唐鉴》和《正经》等治政、为官的经典典籍。
●
相关链接 在五车中查询图书 在当当中查询图书 在豆瓣中查询图书


正题名:资政秘典     索取号:Z422/1:2         预约/预借

序号 登录号 条形码 馆藏地/架位号 状态 备注
1 2001462261   2001462261   共建书房-教育学院/ [索取号:Z422/1:2] 在馆    
2 2001462262   2001462262   共建书房-马克思主义/ [索取号:Z422/1:2] 在馆    
3 2001462263   2001462263   共建书房-教育学院/ [索取号:Z422/1:2] 在馆    
4 2001462264   2001462264   共建书房-教育学院/ [索取号:Z422/1:2] 在馆    
5 2001462265   2001462265   601书库/ [索取号:Z422/1:2] 在馆    
6 2001462266   2001462266   601书库/ [索取号:Z422/1:2] 在馆    
7 2001462267   2001462267   共建书房-教育学院/ [索取号:Z422/1:2] 在馆    
8 2001462268   2001462268   404传统文化书屋/404室A面1架4层1列/ [索取号:Z422/1:2] 在馆    
9 2001462269   2001462269   404传统文化书屋/404室A面1架4层1列/ [索取号:Z422/1:2] 在馆    
10 2001462270   2001462270   404传统文化书屋/404室A面1架4层1列/ [索取号:Z422/1:2] 在馆    
11 2001464841   2001464841   315书库/ [索取号:Z422/1:2] 在馆    
12 2001464842   2001464842   315书库/ [索取号:Z422/1:2] 在馆    
13 2001464843   2001464843   515书库/ [索取号:Z422/1:2] 在馆    
14 2001464844   2001464844   515书库/ [索取号:Z422/1:2] 在馆    
15 2001464845   2001464845   515书库/ [索取号:Z422/1:2] 在馆    
16 2001464846   2001464846   315书库/ [索取号:Z422/1:2] 在馆    
17 2001464847   2001464847   315书库/ [索取号:Z422/1:2] 在馆    
18 2001464848   2001464848   315书库/ [索取号:Z422/1:2] 在馆    
19 2001464849   2001464849   315书库/ [索取号:Z422/1:2] 在馆    
20 2001464850   2001464850   第四书库/四22架B面6层4列/ [索取号:Z422/1:2] 在馆    
21 2001466151   2001466151   209书库/ [索取号:Z422/1:2] 在馆    
22 2001466152   2001466152   209书库/ [索取号:Z422/1:2] 在馆    
23 2001466153   2001466153   209书库/ [索取号:Z422/1:2] 在馆    
24 2001466154   2001466154   209书库/ [索取号:Z422/1:2] 在馆    
25 2001466155   2001466155   209书库/ [索取号:Z422/1:2] 在馆    
26 2001466156   2001466156   209书库/ [索取号:Z422/1:2] 在馆    
27 2001466157   2001466157   209书库/ [索取号:Z422/1:2] 在馆    
28 2001466158   2001466158   209书库/ [索取号:Z422/1:2] 在馆    
29 2001466159   2001466159   209书库/ [索取号:Z422/1:2] 在馆    
30 2001466160   2001466160   209书库/ [索取号:Z422/1:2] 在馆    
山东省滨州职业学院图书馆 欢迎您!
大连网信软件有限公司© 版权所有